Artistes des années 80 les plus écoutés sur Spotify - Statistiques

Statistiques générales
  • Ce quiz a été pris 225 fois
    120 depuis la dernière actualisation
  • Le résultat moyen est 12 sur 60
Statistiques - réponses
Nb d'auditeurs/mois Artiste % Correct
44 430 000 Michael Jackson
82%
53 310 000 Queen
71%
41 200 000 Madonna
63%
20 370 000 George Michael
51%
39 670 000 AC/DC
50%
51 210 000 Elton John
49%
28 520 000 The Rolling Stones
49%
27 890 000 a-ha
46%
33 910 000 ABBA
40%
32 190 000 Nirvana
39%
16 950 000 David Bowie
38%
25 610 000 Whitney Houston
36%
27 110 000 Metallica
30%
20 000 000 Céline Dion
29%
20 800 000 U2
28%
31 590 000 Guns N' Roses
27%
18 570 000 Pink Floyd
27%
25 130 000 Bruce Springsteen
26%
16 650 000 The Smiths
26%
29 780 000 Bon Jovi
25%
29 120 000 The Police
25%
21 250 000 Cindy Lauper
21%
25 850 000 Daryl Hall & John Oates
21%
17 890 000 Led Zeppelin
21%
23 780 000 Phil Collins
21%
17 610 000 The Cure
21%
23 640 000 Aerosmith
19%
30 800 000 TOTO
19%
18 730 000 Dire Straits
18%
18 450 000 Stevie Wonder
18%
26 810 000 Bee Gees
16%
22 110 000 Eagles
16%
18 340 000 Eurythmics
16%
24 730 000 Earth, Wind & Fire
15%
27 390 000 Bob Marley & The Wailers
14%
16 670 000 Frank Sinatra
11%
20 400 000 Alphaville
10%
16 560 000 Aretha Franklin
9%
36 190 000 Red Hot Chili Peppers
9%
21 780 000 Tears For Fears
9%
27 700 000 Billy Joel
8%
23 390 000 Dolly Parton
8%
35 800 000 Fleetwood Mac
8%
17 540 000 R.E.M.
8%
25 780 000 Journey
7%
19 660 000 Marvin Gaye
7%
22 720 000 Bryan Adams
6%
33 950 000 Green Day
6%
24 050 000 Dr. Dre
5%
16 840 000 Lynyrd Skynyrd
3%
19 420 000 The Offspring
3%
20 880 000 Annie Lennox
2%
17 310 000 Luis Miguel
2%
21 830 000 Nile Rodgers
2%
18 710 000 The Outfield
2%
20 760 000 Bill Withers
1%
16 940 000 Maná
1%
24 320 000 The Goo Goo Dolls
1%
25 440 000 Udit Narayan
1%
18 140 000 Carlos Vives
0%
Aucun quiz correspondant
Distribution des résultats
% des personnes avec chaque résultat
Percentile par nombre de réponses
Votre historique - résultats
Vous n’avez pas pris ce quiz depuis la dernière actualisation